02009 a2200313 4500003000500000005001700005010001500022020001500037020001800052020001800070035002400088035001300112035001600125040000900141082001100150100002100161245014300182250001200325260005500337300007600392505084500468538002901313650002901342650002701371700000801398856010601406856009101512856009201603NUST20170116221727.0 a2011944305 a1111827060 a9781111827069 a9781133492467 a(OCoLC)ocn785847811 a17060080 aDAW20979638 cNUST04a515.351 aZill, Dennis G.,10aDifferential equations with boundary-value problems /cDennis G. Zill, Warren S. Wright, Michael R. Cullenbwith boundary - value problems a8th ed. aBoston, MA :bBrooks/Cole, Cengage Learning,c2013 axv, P-28, 549, APP-23, ANS-32, I-11 p. :bcol. ill., col. maps ;c29 cm a1. Introduction to Differential Equations (Page-01), 2. First-Order Differential Equations (Page-35),3. Modeling with First-Order Differential Equations (Page-83),4. Higher-Order Differential Equations (Page-116), 5. Modeling with Higher-Order Differential Equations (Page-192),6. Series Solutions of Linear Equations (Page-231), 7. Laplace Transform (Page-273), 8. Systems of Linear First-Order Differential Equations (Page-325),9. Numerical Solutions of Ordinary Differential Equations (Page362-), 10. Plane Autonomous Systems (Page-385),11. Orthogonal Functions and Fourier series (Page-419), 12. Boundary-Value Problems in Rectangular Coordinates (Page-455),13. Boundary-Value Problems in Other Coordinate Systems (Page-493), 14. Integral Transform Method (Page-510),15. Numerical Solutions of Partial Differential Equations (Page-534). aAlmirah No.44 Shelf No.5 0aBoundary value problems. 0aDifferential equations1 4aut413Contributor biographical informationuhttp://www.loc.gov/catdir/enhancements/fy1303/2011944305-b.html413Publisher descriptionuhttp://www.loc.gov/catdir/enhancements/fy1303/2011944305-d.html413Table of contents onlyuhttp://www.loc.gov/catdir/enhancements/fy1303/2011944305-t.html